Reino: Gabriela Mistral: poesía dispersa e inédita en versos y prosa

Saved in:
Bibliographic Details
Main Authors: Mistral, Gabriela autora, Bussche, Gastón von dem (Author)
Format: Book
Language:Spanish
Published: Valparaíso Universitarias de Valpo 1983
Subjects:
Tags: Add Tag
No Tags, Be the first to tag this record!

MARC

LEADER 00000nam a2200000 a 4500
001 UCW3841
003 CL-VaPUC
005 20250408093651.0
008 890418e19830000CL |||||||||||||||||spa|d
999 |c 217723  |d 217721 
040 |c Pontificia Universidad Católica de Valparaíso 
082 0 4 |a Ch861  |b MIS  |2 21 
100 1 |a Mistral, Gabriela  |c autora  |9 866378 
245 1 0 |a Reino: Gabriela Mistral: poesía dispersa e inédita en versos y prosa 
260 |a Valparaíso  |b Universitarias de Valpo  |c 1983 
300 |a 223 p 
583 |a last modification  |c 19890418 00:00:00  |k Rodrigo Vera 
650 0 |a Poesías chilenas   |9 265280 
700 0 |a Bussche, Gastón von dem  |e author  |9 308244 
942 |c BK  |2 ddc 
945 |d 19890418 00:00:00 
952 |0 0  |1 0  |4 0  |6 CH_861_000000000000000_MIS_1983  |7 0  |8 A  |9 205852  |a BIBEDU  |b BIBEDU  |c ES_NOD  |d 2019-11-15  |i 2737973  |o Ch861 MIS 1983  |p 2737973  |r 2023-08-09  |w 2019-11-15  |y BK  |k EDU 
952 |0 0  |1 0  |4 0  |6 CH_861_000000000000000_MIS_1983  |7 0  |8 A  |9 205853  |a BIBEDU  |b BIBEDU  |c ES_NOD  |d 2019-11-15  |i 1537490  |o Ch861 MIS 1983  |p 1537490  |r 2023-08-09  |w 2019-11-15  |y BK  |k EDU